| 000 | 00492nam a22001577a 4500 | ||
|---|---|---|---|
| 999 |
_c60521 _d60521 |
||
| 005 | 20230810172115.0 | ||
| 008 | 230810s1974 enk||||| |||| 00| 0 eng d | ||
| 041 | _aeng | ||
| 080 | _a94 H-65 | ||
| 100 |
_aHicks, Jim. _919662 |
||
| 245 |
_aThe Empire Builders : _b(The Emergence of Man Series) / _cEditors Of Time-Life Books; Time-Life Books. |
||
| 264 | _c1974. | ||
| 300 |
_a160 p. : _bill. ; _c30 cm. |
||
| 653 | _aიმპერიის მშენებლები | ||
| 942 |
_2udc _cBK |
||